|
|
|
|
| LEADER |
01653nam a2200277 a 4500 |
| 001 |
GR-MES11109 |
| 008 |
061122s gr b 001 0 gre d |
| 020 |
|
|
|a 047185199X
|
| 040 |
|
|
|a GrPaTEI
|b gre
|c GR-PaULI
|
| 040 |
|
|
|a GrPaTEI
|b gre
|c GR-PaULI
|
| 245 |
0 |
0 |
|a Handbook of plant biotechnology /
|c editor by Paul Christou , Harry Klee.
|
| 260 |
|
|
|a Hoboken ,NJ :
|b Wiley,
|c 2004
|
| 300 |
|
|
|a 2v :
|b ill. ;
|c 24cm
|
| 500 |
|
|
|a v.1 (xxviii , 738p) , v.2(xxviii ,1420p)
|
| 504 |
|
|
|a Περιλαμβάνει βιβλιογραφίες και ευρετήριο.
|
| 650 |
|
0 |
|a Plant biotechnology
|x Handbooks ,manuals, etc.
|
| 650 |
|
0 |
|a Plant genetic engineering
|x Handbooks ,manuals ,etc.
|
| 700 |
1 |
|
|a Christou, Paul
|
| 700 |
1 |
|
|a Klee, Harry
|
| 942 |
|
|
|2 ddc
|
| 952 |
|
|
|0 0
|1 0
|2 ddc
|4 0
|6 660_600000000000000_CHR
|7 0
|9 270282
|a MSLG
|b MSLG
|c BSC
|d 2021-01-17
|e 24
|f 0
|g 0.00
|l 0
|o 660.6 CHR
|p 2420000019663
|r 2021-01-17 00:00:00
|t 1
|w 2021-01-17
|y BK15
|x 20061122 0 1
|x GrPaTEI
|
| 952 |
|
|
|0 0
|1 0
|2 ddc
|4 0
|6 660_600000000000000_CHR
|7 0
|9 270283
|a MSLG
|b MSLG
|c BSC
|d 2021-01-17
|e 24
|f 0
|g 0.00
|l 0
|o 660.6 CHR
|p 2420000019664
|r 2021-01-17 00:00:00
|t 1
|w 2021-01-17
|y BK15
|x 20061122 0 1
|x GrPaTEI
|
| 952 |
|
|
|0 0
|1 0
|2 ddc
|4 0
|6 660_600000000000000_CHR
|7 0
|9 270284
|a MSLG
|b MSLG
|c BSC
|d 2021-01-17
|e 24
|f 0
|g 0.00
|l 0
|o 660.6 CHR
|p 2420000021964
|r 2021-01-17 00:00:00
|t 1
|w 2021-01-17
|y BK15
|x 20070704 0 ΜΑΤΣΙΩΡΗ 1
|x GrPaTEI
|
| 952 |
|
|
|0 0
|1 0
|2 ddc
|4 0
|6 660_600000000000000_CHR
|7 0
|9 270285
|a MSLG
|b MSLG
|c BSC
|d 2021-01-17
|e 24
|f 0
|g 0.00
|l 0
|o 660.6 CHR
|p 2420000021965
|r 2021-01-17 00:00:00
|t 1
|w 2021-01-17
|y BK15
|x 20070704 0 ΜΑΤΣΙΩΡΗ 1
|x GrPaTEI
|
| 971 |
|
|
|a .b25771565
|b 15-04-20
|c 13-09-16
|
| 999 |
|
|
|c 156088
|d 156088
|